| 000 | 00576pab a2200193 454500 | ||
|---|---|---|---|
| 008 | 180718b2003 xxu||||| |||| 00| 0 eng d | ||
| 100 | _aWhelan, Christopher T. | ||
| 245 | _aPresistent income poverty and deprivation in the European Union: an analysis of the first three waves of the European community household panel | ||
| 260 | _c2003 | ||
| 300 | _ap.1-18. | ||
| 362 | _aJan | ||
| 650 | _aPoverty | ||
| 650 | _aIncome | ||
| 650 | _aEuropean Union | ||
| 700 | _aMaitre, Bertrand | ||
| 700 | _aLayte, Richard | ||
| 773 | _aJournal of Social Policy | ||
| 909 | _a57309 | ||
| 999 |
_c57309 _d57309 |
||